The tao at work : (Record no. 3530)
[ view plain ]
| 000 -LEADER | |
|---|---|
| fixed length control field | 00529nam a22001937a 4500 |
| 005 - DATE & TIME | |
| control field | 20231101103855.0 |
| 008 - FIXED-LENGTH DATA ELEMENTS--GENERAL INFORMATION | |
| fixed length control field | 230530b |||||||| |||| 00| 0 eng d |
| 020 ## - ISBN | |
| International Standard Book Number | 155542709x |
| 040 ## - CATALOGING SOURCE | |
| Original cataloging agency | MCHV Library |
| 041 ## - Language | |
| Language | English |
| 082 ## - DDC NUMBER | |
| Classification number | 658 |
| Book Number | HER |
| 100 ## - MAIN ENTRY--PERSONAL NAME | |
| Personal name | Herman, Stanley M. |
| 245 #4 - TITLE STATEMENT | |
| Title | The tao at work : |
| Sub Title | on leading and following / |
| Statement of responsibility | Stanley M. Herman |
| 260 ## - PUBLICATION, DISTRIBUTION, ETC. (IMPRINT) | |
| Place of publication, distribution, etc | San Francisco : |
| Name of publisher, distributor, etc | Jossey-Bass, |
| Date of publication, distribution, etc | c1994. |
| 300 ## - PHYSICAL DESCRIPTION | |
| Pages | 136p. : |
| Other Details | ill. ; |
| Dimension | 21cm. |
| 650 ## - Subject | |
| Subject | Taoism |
| 650 ## - Subject | |
| Subject | Management--Philosophy |
| 942 ## - ADDED ENTRY ELEMENTS (KOHA) | |
| Koha item type | Books |
| Location (home branch) | Koha item type | Koha date last seen | Accession No. | Koha full call number | Koha issues (times borrowed) | Date acquired | Sublocation or collection (holding branch) | Withdrawn status | Not for loan | Damaged status | Source of classification or shelving scheme | Lost status |
|---|---|---|---|---|---|---|---|---|---|---|---|---|
| MCHV Library | Books | 05/30/2023 | HV830 | 658 HER | 05/30/2023 | MCHV Library | Dewey Decimal Classification |
